00341 2200145 4500245004700000020001800047250001100065100001800076650001000094005001900104260003800123041001400161084001100175336000900186 aBajak Laut & MahapathcAdhitia MulyahText a9789797809416 aCet. 1 aAdhitya Mulya aNovel a20240903074308 aJakarta SelatanbGagasMediac2019 aIndonesia a808.83 atext